Sadzby dane z príjmov fyzických a právnických osôb od roku 2025
Článok vysvetľuje, aké sadzby dane z príjmov fyzických a právnických osôb budú platné od roku 2025 podľa jednotlivých druhov príjmov. Nové pravidlá na uplatňovanie sadzieb dane z príjmov vychádzajú z nového zákona v súvislosti so zlepšovaním stavu verejných financií (konsolidačný balíček).
Gespeichert in:
| 1. Verfasser: | |
|---|---|
| Format: | Buchkapitel |
| Sprache: | Slowakisch |
| Schlagworte: | |
| Tags: |
Keine Tags, Fügen Sie das erste Tag hinzu!
|
MARC
| LEADER | 00000naa a2200000 4500 | ||
|---|---|---|---|
| 001 | 0306854 | ||
| 005 | 20250205150705.6 | ||
| 041 | 0 | |a slo | |
| 044 | |a SK | ||
| 245 | 1 | 0 | |a Sadzby dane z príjmov fyzických a právnických osôb od roku 2025 |c Simona Jurišová |
| 520 | |a Článok vysvetľuje, aké sadzby dane z príjmov fyzických a právnických osôb budú platné od roku 2025 podľa jednotlivých druhov príjmov. Nové pravidlá na uplatňovanie sadzieb dane z príjmov vychádzajú z nového zákona v súvislosti so zlepšovaním stavu verejných financií (konsolidačný balíček). | ||
| 610 | 2 | 0 | |a účtovníctvo daňové |
| 610 | 2 | 0 | |a dane z príjmov |
| 610 | 2 | 0 | |a sadzby daňové |
| 610 | 2 | 0 | |a osoby fyzické |
| 610 | 2 | 0 | |a osoby právnické |
| 610 | 2 | 0 | |a konsolidácia |
| 610 | 2 | 0 | |a zákony |
| 610 | 2 | 0 | |a novelizácia |
| 100 | 1 | |a Jurišová, Simona | |